| 000 | 00531nam a2200169Ia 4500 | ||
|---|---|---|---|
| 003 | SGT | ||
| 020 | _a9780070648180 | ||
| 082 |
_a621.38173 _bSAL |
||
| 100 | _aSalehi,Masoud | ||
| 245 | _aLinear integrated circuits | ||
| 260 |
_bTata McGraw Hill Education Private Limited _aNew Delhi _c2012 |
||
| 300 | _a662p. | ||
| 650 | _aELECTRONICS ENGINEERING | ||
| 653 | _aINTEGRATED CIRCUIT FABRICATION, CIRCUIT CONFIGURATIONS FOR LINEAR ICS, APPLICATIONS OF OPERATIONAL AMPLIFIERS | ||
| 700 | _aBhaaskaran,VS Kanchana | ||
| 942 |
_2ddc _cBK |
||
| 999 |
_c5597 _d5597 |
||